ბათუმის შოთა რუსთაველის სახელმწიფო უნივერსიტეტის ბიბლიოთეკა

SQL Server. №11(167). Ноябрь.2014. (ბიბ.ჩანაწერი № 47730)

000 -LEADER
fixed length control field 00423nam a2200169Ia 4500
001 - CONTROL NUMBER
control field 14601
003 - CONTROL NUMBER IDENTIFIER
control field GE_BSU
008 - FIXED-LENGTH DATA ELEMENTS--GENERAL INFORMATION
fixed length control field 181216s||||||||xx |||||||||||||| ||und||
040 ## - CATALOGING SOURCE
Transcribing agency GE_BSU
245 ## - TITLE STATEMENT
Title SQL Server. №11(167). Ноябрь.2014.
245 ## - TITLE STATEMENT
Remainder of title Журнал для профессионалов.
260 ## - PUBLICATION, DISTRIBUTION, ETC.
Place of publication, distribution, etc. Москва
260 ## - PUBLICATION, DISTRIBUTION, ETC.
Date of publication, distribution, etc. 2014
300 ## - PHYSICAL DESCRIPTION
Extent 23стр.29см.
653 ## - INDEX TERM--UNCONTROLLED
Uncontrolled term SQL Server
942 ## - ADDED ENTRY ELEMENTS (KOHA)
Koha item type პერიოდიკა
ეგზემპლარები
Withdrawn status Lost status Damaged status Not for loan Date acquired Barcode Date last seen Price effective from Koha item type
        2018-12-17 p76749 2018-12-17 2018-12-17 პერიოდიკა